/ یادوں کے ساۓ (Record no. 109162)

MARC details
000 -LEADER
fixed length control field 00781nam a22002537a 4500
005 - DATE AND TIME OF LATEST TRANSACTION
control field 20170123162350.0
010 ## - LIBRARY OF CONGRESS CONTROL NUMBER
LC control number A-645438
020 ## - INTERNATIONAL STANDARD BOOK NUMBER
Terms of availability 50.00
035 ## - SYSTEM CONTROL NUMBER
System control number A-645438
037 ## - SOURCE OF ACQUISITION
Source of stock number/acquisition Cen Lib/Ret
040 ## - CATALOGING SOURCE
Original cataloging agency DPL
Language of cataloging UR
082 ## - DEWEY DECIMAL CLASSIFICATION NUMBER
Classification number 791.43092
Item number ع ث م
100 ## - MAIN ENTRY--PERSONAL NAME
Personal name عثمآنی ، قیصر
9 (RLIN) 108136
245 ## - TITLE STATEMENT
Title / یادوں کے ساۓ
Statement of responsibility, etc قیصرعثمآنی
246 ## - VARYING FORM OF TITLE
Title proper/short title Yaadon ke saye/
Remainder of title by Qaisar Usmani
260 ## - PUBLICATION, DISTRIBUTION, ETC. (IMPRINT)
Place of publication, distribution, etc ممبئی
Name of publisher, distributor, etc مکتبہ عثمآنی
Date of publication, distribution, etc 1919
270 ## - ADDRESS
Address ملاد ایسٹ
City ممبئی
300 ## - PHYSICAL DESCRIPTION
Extent 123p.
Dimensions 20cm(Hb)
650 ## - SUBJECT ADDED ENTRY--TOPICAL TERM
Topical term or geographic name as entry element اردو ادب
Form subdivision
9 (RLIN) 135832
650 ## - SUBJECT ADDED ENTRY--TOPICAL TERM
Topical term or geographic name as entry element اردو ادب
9 (RLIN) 135833
650 ## - SUBJECT ADDED ENTRY--TOPICAL TERM
Topical term or geographic name as entry element Urdu literature
9 (RLIN) 135834
650 ## - SUBJECT ADDED ENTRY--TOPICAL TERM
Topical term or geographic name as entry element Urdu literature
9 (RLIN) 135835
942 ## - ADDED ENTRY ELEMENTS (KOHA)
Source of classification or shelving scheme Dewey Decimal Classification
Koha item type Urdu Bks
Classification part 791.43092
Call number suffix ع ث م
Holdings
Withdrawn status Lost status Damaged status Not for loan Home library Current library Date acquired Source of acquisition Cost, normal purchase price Total Checkouts Full call number Barcode Date last seen Copy number Cost, replacement price Price effective from Koha item type
        Central Library Central Library 23/02/2016 Cen Lib/Ref 50.00   791.43092 ع ث م A-645438 23/02/2016 1 50.00 23/02/2016 Urdu Bks

© Delhi Public Library
Hit Counter
free hit counter